Exploring life Science : 6 Habitats-Lungs

Bibliographic Details
Format: Book
Published: Malaysia : Federal Publication , 2003
Subjects:

MARC

LEADER 00000cam a2200000 7i4500
001 0000006943
005 20151222.0
008 070827
020 |a 9835807922 
090 0 0 |a SC   |b ENG 
245 1 0 |a Exploring life Science :   |b 6 Habitats-Lungs 
260 |a Malaysia :   |b Federal Publication ,   |c 2003 
500 |a Children ages 10-12 years old (pink) 
650 0 |a Science   |x Juvenile literature 
999 |a 0000986931   |b Book   |c Children Collection   |e Cawangan Bukit Gambir 
999 |a 0000986932   |b Book   |c Children Collection   |e Cawangan Bandar Tenggara 
999 |a 0000986933   |b Book   |c Children Collection   |e Cawangan Taman Universiti 
999 |a 0000986934   |b Book   |c Children Collection   |e Cawangan Pontian 
999 |a 0000986935   |b Book   |c Children Collection   |e Cawangan Segamat 
999 |a 0001144633   |b Book   |c Children Collection   |e Cawangan Tmn. Ungku Tun Aminah 
999 |a 0001144639   |b Book   |c Children Collection   |e Cawangan Segamat 
999 |a 0001144641   |b Book   |c Children Collection   |e Cawangan Pontian 
999 |a 0001144642   |b Book   |c Children Collection   |e Cawangan Tmn. Ungku Tun Aminah 
999 |a 0001146161   |b Book   |c Children Collection   |e Cawangan Tmn. Ungku Tun Aminah 
999 |a 0001146162   |b Book   |c Adult Collection   |e Cawangan Bandar Penawar 
999 |a 0001146610   |b Book   |c Children Collection   |e Cawangan Batu Pahat 
999 |a 0001147343   |b Book   |c Children Collection   |e Cawangan Tangkak 
999 |a 0001150431   |b Book   |c Children Collection   |e Cawangan Tangkak 
999 |a 0001150432   |b Book   |c Teenagers   |e Cawangan Bandar Tenggara 
999 |a 0001150447   |b Book   |c Children Collection   |e Cawangan Bukit Gambir 
999 |a 0001150959   |b Book   |c Children Collection   |e Cawangan Taman Universiti 
999 |a 0001150991   |b Book   |c Children Collection   |e Cawangan Batu Pahat 
999 |a 0001150993   |b Book   |c Children Collection   |e Cawangan Pontian 
999 |a 0001151005   |b Book   |c Children Collection   |e Cawangan Bukit Gambir